000 00537nam a22002057a 4500
003 OSt
005 20140310183020.0
008 130214t xxu||||| |||| 00| 0 eng d
020 _a9711108925
050 _aHF 5726
_b.Ar778 1981
082 _aFIL 808.06665
_b.Ar6 1981
245 _aBusiness correspondence
_cArroyo, Sandra Rodriguez
260 _aManila
_bGoodwill Trading
_c1981
300 _a124 p.
_c22.1 cm.
521 _acollege students
526 _c1210L-1700L
541 _j1
562 _e1
942 _2lcc
_cBK
_kFIL
999 _c18365
_d18365